[Event "Vaujany op 14th"]
[Site "Vaujany"]
[Date "2023.07.13"]
[Round "1"]
[White "Rey, Christophe"]
[Black "Gusain, Himal"]
[Result "0-1"]
[WhiteElo "2015"]
[BlackElo "2399"]
[PlyCount "64"]
[EventDate "2023.07.13"]
[EventType "swiss"]
[EventRounds "9"]
[EventCountry "FRA"]
[SourceTitle "CBM 215 Extra"]
[Source "ChessBase"]
[SourceDate "2023.09.30"]
[SourceVersion "1"]
[SourceVersionDate "2023.09.30"]
[SourceQuality "1"]

1. d4 d5 2. c4 e6 3. Nf3 c6 4. e3 f5 5. Ne5 Nh6 6. Nc3 Nd7 7. f4 Nxe5 8. fxe5 Qh4+ 9. g3 Qd8 10. e4 dxe4 11. Bxh6 gxh6 12. Qh5+ Kd7 13. h4 Qe8 14. Qe2 Kc7 15. g4 Bb4 16. 0-0-0 Bxc3 17. bxc3 Qe7 18. Kb2 b5 19. cxb5 Rb8 20. Qe3 cxb5 21. gxf5 exf5 22. d5 Qxe5 23. Qxa7+ Rb7 24. d6+ Qxd6 25. Qa5+ Qb6 26. Qb4 Kb8 27. Bh3 Re8 28. Rhe1 Re5 29. Rd4 Qc5 30. Rg1 Qxb4+ 31. cxb4 Rc7 32. Rg8 e3 0-1

[Event "Marseille op"]
[Site "Marseille"]
[Date "2007.12.29"]
[Round "6"]
[White "Maruejols, Claude"]
[Black "Rey, Christophe"]
[Result "1/2-1/2"]
[WhiteElo "2043"]
[BlackElo "2086"]
[PlyCount "152"]
[EventDate "2007.12.27"]
[EventType "swiss"]
[EventRounds "9"]
[EventCountry "FRA"]
[SourceTitle "CBM 122 Extra"]
[Source "ChessBase"]
[SourceDate "2008.03.04"]
[SourceVersion "1"]
[SourceVersionDate "2008.03.04"]
[SourceQuality "1"]

1. d4 Nf6 2. c4 e6 3. Nc3 Bb4 4. e3 0-0 5. Bd3 d5 6. a3 Bxc3+ 7. bxc3 b6 8. cxd5 exd5 9. Ne2 Nbd7 10. 0-0 c5 11. Ng3 Re8 12. f3 Bb7 13. Qe2 cxd4 14. cxd4 Rc8 15. Bd2 Nf8 16. Qf2 Qd7 17. Rad1 Bc6 18. Bf5 Ne6 19. e4 Qb7 20. e5 Nd7 21. Bd3 Ba4 22. Rde1 Bc2 23. Bxc2 Rxc2 24. Nf5 Qa6 25. Nd6 Rd8 26. Qe3 Qa4 27. Bc3 Qxa3 28. Rc1 Qa2 29. Rxc2 Qxc2 30. f4 Qg6 31. Re1 Qh6 32. Bd2 Ndf8 33. Nf5 Qh5 34. Ng3 Qh4 35. Nf5 Qh5 36. Ne7+ Kh8 37. f5 Qh4 38. Nc6 Rc8 39. fxe6 Rxc6 40. exf7 Qe7 41. Rf1 Rc8 42. Qb3 Qe6 43. Bb4 g6 44. Qa3 Kg7 45. Qxa7 Rc4 46. Be7 Qg4 47. Bf6+ Kh6 48. Qa3 Rc2 49. Qf3 Qxd4+ 50. Kh1 Rc3 51. Qd1 Rd3 52. Qc1+ Qe3 53. Qxe3+ Rxe3 54. h4 Re4 55. Be7 Kg7 56. Bd6 Rxh4+ 57. Kg1 Re4 58. Rb1 Nd7 59. Rf1 Nf8 60. Rb1 Kxf7 61. Rf1+ Ke6 62. Rf6+ Kd7 63. Rxf8 h5 64. Rg8 Rg4 65. Rb8 Kc6 66. Rc8+ Kd7 67. Rc7+ Ke6 68. Rb7 d4 69. Rxb6 d3 70. Rb2 Kd5 71. Rd2 Kc4 72. Bc7 Re4 73. Kf2 Kc3 74. Ba5+ Kc4 75. Bc7 Kc3 76. Ba5+ Kc4 1/2-1/2

[Event "Marseille op"]
[Site "Marseille"]
[Date "2007.12.27"]
[Round "2"]
[White "Costa, Jean Yves"]
[Black "Rey, Christophe"]
[Result "1/2-1/2"]
[WhiteElo "2022"]
[BlackElo "2086"]
[PlyCount "64"]
[EventDate "2007.12.27"]
[EventType "swiss"]
[EventRounds "9"]
[EventCountry "FRA"]
[SourceTitle "CBM 122 Extra"]
[Source "ChessBase"]
[SourceDate "2008.03.04"]
[SourceVersion "1"]
[SourceVersionDate "2008.03.04"]
[SourceQuality "1"]

1. e4 c6 2. d4 d5 3. e5 Bf5 4. Bd3 Bxd3 5. Qxd3 e6 6. Ne2 c5 7. c3 Nc6 8. 0-0 Qb6 9. Kh1 cxd4 10. cxd4 Rc8 11. Nbc3 Nge7 12. Bg5 h5 13. Rac1 Nf5 14. Nxd5 Qa5 15. Ne3 Nxe3 16. fxe3 Be7 17. Bxe7 Kxe7 18. a3 Rcd8 19. Qb3 Rd7 20. Nc3 h4 21. h3 Rh6 22. Qc2 Kf8 23. Ne4 Kg8 24. Nc5 Rc7 25. Nxb7 Rxb7 26. Qxc6 Rxb2 27. Qe8+ Kh7 28. Qxf7 Qd2 29. Qf3 Rg6 30. Qh5+ Rh6 31. Qf3 Rg6 32. Qh5+ Rh6 1/2-1/2

[Event "Pierrevert op 5th"]
[Site "Pierrevert"]
[Date "2007.04.19"]
[Round "7"]
[White "Janier, Fabrice"]
[Black "Rey, Christophe"]
[Result "0-1"]
[WhiteElo "1987"]
[BlackElo "2007"]
[PlyCount "101"]
[EventDate "2007.04.15"]
[EventType "swiss"]
[EventRounds "9"]
[EventCountry "FRA"]
[SourceTitle "CBM 118 Extra"]
[Source "ChessBase"]
[SourceDate "2007.07.04"]
[SourceVersion "1"]
[SourceVersionDate "2007.07.04"]
[SourceQuality "1"]

1. d4 d5 2. Nf3 Nf6 3. c4 c6 4. cxd5 cxd5 5. Nc3 a6 6. Bf4 Nc6 7. Rc1 e6 8. e3 Qb6 9. Qc2 Bd7 10. Be2 Rc8 11. 0-0 Na5 12. Ne5 Bd6 13. Nxd7 Kxd7 14. Bxd6 Kxd6 15. b3 Rc7 16. Qd2 Nc6 17. Na4 Qa7 18. Nc5 Rhc8 19. Qb2 Ke7 20. f3 Kf8 21. b4 Nb8 22. Nd3 Nbd7 23. Rxc7 Rxc7 24. Rc1 Qb8 25. Rc2 Qc8 26. Rxc7 Qxc7 27. Nc5 a5 28. Nxd7+ Nxd7 29. Bb5 Nf6 30. Qa3 axb4 31. Qxb4+ Kg8 32. Qa3 g6 33. Qb2 Qa5 34. Kf2 g5 35. a4 h5 36. Qc2 Kg7 37. Ke2 Qb4 38. Qd2 Qd6 39. g3 g4 40. Bd3 h4 41. Kf2 gxf3 42. Kxf3 hxg3 43. hxg3 Qa3 44. a5 Qa1 45. Qh2 Qxa5 46. g4 Qe1 47. g5 Ne4 48. Qh6+ Kg8 49. Bxe4 Qf1+ 50. Kg3 dxe4 51. Qh5 0-1

[Event "Pierrevert op 5th"]
[Site "Pierrevert"]
[Date "2007.04.18"]
[Round "6"]
[White "Rey, Christophe"]
[Black "Freulon, Philippe"]
[Result "1-0"]
[WhiteElo "2007"]
[BlackElo "1590"]
[PlyCount "79"]
[EventDate "2007.04.15"]
[EventType "swiss"]
[EventRounds "9"]
[EventCountry "FRA"]
[SourceTitle "CBM 118 Extra"]
[Source "ChessBase"]
[SourceDate "2007.07.04"]
[SourceVersion "1"]
[SourceVersionDate "2007.07.04"]
[SourceQuality "1"]

1. e4 c6 2. d4 g6 3. c4 d5 4. cxd5 cxd5 5. exd5 Qxd5 6. Nc3 Qd8 7. Bc4 Bg7 8. Nf3 Nf6 9. Ne5 0-0 10. 0-0 Nc6 11. Nxc6 bxc6 12. Re1 e6 13. Bf4 a5 14. Qd3 Nd5 15. Be5 Nb4 16. Qd1 Ba6 17. Bxa6 Nxa6 18. Qf3 Nb4 19. Rac1 Bxe5 20. dxe5 Nd3 21. Red1 Nxe5 22. Qf4 Nd3 23. Qe3 Qb8 24. Rxd3 Qxb2 25. Rb1 Qc2 26. Rd2 Qf5 27. Rbd1 Rfc8 28. Ne4 Rc7 29. Qc3 e5 30. f3 Raa7 31. g4 Qe6 32. g5 Ra8 33. Rd8+ Rxd8 34. Rxd8+ Kg7 35. Nf6 Rc8 36. Rxc8 Qxc8 37. Qxe5 Qe6 38. f4 Qxa2 39. Nd7+ Kg8 40. Qe8+ 1-0